| 000 | 00798nam0a22002411 4500 | ||
|---|---|---|---|
| 001 | rc\292247 | ||
| 005 | 20030307121128.3 | ||
| 010 |
_a5-250-00689-2 _9200000 |
||
| 035 | _a(NLR Aleph) 005523400 | ||
| 090 |
_a5532268 _c5532268 |
||
| 100 | _a20030307d1990 u y0rusy50 ca | ||
| 101 | 0 | _arus | |
| 102 | _aRU | ||
| 105 | _aa ||||||||| | ||
| 200 | 1 |
_aВожди и советники _eО Хрущеве, Андропове и не только о них... |
|
| 210 |
_aМ. _cПолитиздат _d1990 |
||
| 215 |
_a383, [1] с., [8] л. ил. _d21 |
||
| 700 | 1 |
_4070 _7ca _8rus _aБурлацкий _bФ. М. _f1927-2014 _gФёдор Михайлович _92705098 _3RU\NLR\AUTH\770292339 |
|
| 801 | 0 |
_aRU _bNLR _gpsbo |
|
| 801 | 1 |
_aRU _bELAR _2rusmarc |
|
| 852 |
_aNLR _j90-3/8281 |
||
| 942 | _cBOOK | ||
| 980 | _aNB | ||